| 000 | 01301nam a2200349 a 4500 | ||
|---|---|---|---|
| 001 | 000020243 | ||
| 003 | DO-SdBNP | ||
| 005 | 20230202124151.0 | ||
| 007 | 000020243 | ||
| 008 | 100730s2008 dr abc 001 0 spa d | ||
| 020 | _z9789993442844 | ||
| 040 |
_aBPMSU _bspa _cBPMSU |
||
| 092 |
_a929.81 _bS583g |
||
| 100 | 1 |
_aSilié, Rubén, _b1946- |
|
| 245 | 1 | 3 |
_aEl gran Caribe : _bun solo mar y doce premios nobel / _cRubén Silié, Jotamario Arbeláez ; presentación José Rafael Lantigua. |
| 260 |
_aSanto Domingo : _bSecretaría de Estado de Cultura, _c2008. |
||
| 300 |
_a196 p. : _bil., mapas, retrs. ; _c26 cm. |
||
| 490 | 1 | _aEdiciones Ferilibro | |
| 504 | _aIncluye bibliografía y notas al pie de páginas. | ||
| 650 | 4 |
_aLiteratura caribeña _xHistoria y crítica |
|
| 650 | 4 |
_aPremios Nobel _xBiografías |
|
| 650 | 4 |
_aIntelectuales _zCaribe (Región) _xEnsayos, conferencias, etc. |
|
| 650 | 4 |
_aMédicos _zCaribe (Región ) _xPremios |
|
| 700 | 1 | 2 |
_aLantigua, José Rafael, _d1949-, _epresent. |
| 700 | 1 | 2 | _aArbeláez, Jotamario |
| 710 | 2 | _aAsociación de Estados del Caribe (AEC) | |
| 830 | 0 | _aEdiciones Ferilibro | |
| 910 | _aValidado. Control de la calidad EMS | ||
| 942 |
_2ddc _cBK |
||
| 945 | _aInvetanariado / 2018 VM | ||
| 956 |
_aVMATEO _b10 _c20130704 _lBPMSU _h1524 |
||
| 999 |
_c7352 _d7352 |
||